000 00721cam a2200145 4500500
005 20251228093407.0
041 _afre
042 _adc
100 1 0 _aLecerf, Anna
_eauthor
245 0 0 _aIgor´ Vladimirovi? Kurukin Epoha « dvorskih bur´ » O?erki politi?eskoj istorii poslepetrovskoj Rossii, 1725-1762 gg. (L’époque des « tempêtes de palais » Essai d’histoire politique de la Russie post-pétrovienne, 1725-1762) Riazan, P. A. Tribunskij, 2003, 570 p., ill.
260 _c2004.
500 _a65
786 0 _nCahiers du monde russe | Vol 45 | 3 | 2004-11-01 | p. 613i-658i | 1252-6576
856 4 1 _uhttps://shs.cairn.info/revue-cahiers-du-monde-russe-2004-3-page-613i?lang=fr&redirect-ssocas=7080
999 _c1604278
_d1604278